Actividades culturales del Ateneo Puertorriqueño de Nueva York (Record no. 123870)

MARC details
000 -LEADER
campo de control de longitud fija 00524nam a2200157 4500
001 - NÚMERO DE CONTROL
campo de control 123870
003 - IDENTIFICADOR DE NÚMERO DE CONTROL
campo de control ES-MaACL
005 - FECHA Y HORA DE LA ÚLTIMA TRANSACCIÓN
campo de control 20230906192250.0
007 - CAMPO FIJO DE DESCRIPCIÓN FÍSICA--INFORMACIÓN GENERAL
campo de control de longitud fija t|
008 - DATOS DE LONGITUD FIJA--INFORMACIÓN GENERAL
campo de control de longitud fija 070214s19631964xxu r ||||1| spa d
110 2# - ENTRADA PRINCIPAL--NOMBRE DE ENTIDAD CORPORATIVA
Nombre de entidad corporativa o nombre de jurisdicción como elemento de entrada Ateneo Puertorriqueño (Nueva York)
9 (RLIN) 2056
245 10 - MENCIÓN DEL TÍTULO
Título Actividades culturales del Ateneo Puertorriqueño de Nueva York
Resto del título : Informe de la Presidencia /
Mención de responsabilidad, etc. Diana Ramírez de Arellano.
260 ## - PUBLICACIÓN, DISTRIBUCIÓN, ETC.
Lugar de publicación, distribución, etc. Nueva York :
Nombre del editor, distribuidor, etc. [s. n.],
Fecha de publicación, distribución, etc. 1963-64.
300 ## - DESCRIPCIÓN FÍSICA
Extensión 18 p. ;
Dimensiones 24 cm.
852 ## - LOCALIZACIÓN
Ubicación ES-MaACL
Número de control de estantería 2043-F-14
Sublocalización o colección R.54708
Holdings
Estatus retirado Estado de pérdida Estado de daño No para préstamo Colección Biblioteca de origen Biblioteca actual Ubicación en estantería Fecha de adquisición Fuente de adquisición Total de préstamos Signatura topográfica completa Código de barras Visto por última vez Precio de reemplazo Tipo de ítem Koha
        Colección de folletos Biblioteca del Ateneo de Madrid Biblioteca del Ateneo de Madrid Depósito folletos 17/01/2008     2043-F-14 1129055 23/02/2023 23/02/2023 Folleto